| 000 | 00398nam a2200097Ia 4500 | ||
|---|---|---|---|
| 008 | 180130s9999 xx 000 0 und d | ||
| 245 |
_cDe Beule, Filip; Nauwelaerts, Ysabel _aInnovation and creativity: statement of the issues |
||
| 260 | _c2013 | ||
| 300 | _aBook title: Innovation and creativity : pillars of the future global economy--Acession number C17287; pages 1 - 14 | ||
| 650 | _aGLOBAL ECONOMY | ||
| 999 |
_c354579 _d354579 |
||